Santa's Reindeer Speed Typing - Statistics

General Stats
  • This quiz has been taken 19 times
  • The average score is 8 of 9
Answer Stats
Answer % Correct
Rudolph
100%
Blitzen
93%
Dancer
93%
Donner
93%
Comet
86%
Cupid
86%
Prancer
86%
Dasher
71%
Vixen
71%
No matching quizzes found
Score Distribution
Percent of People with Each Score
Percentile by Number Answered
Your Score History
You have not taken this quiz